[Event "SLO-chT 29th"]
[Site "Slovenia"]
[Date "2019.12.21"]
[Round "8.2"]
[White "Rozic, Samo"]
[Black "Riegler, Primoz"]
[Result "1/2-1/2"]
[WhiteElo "2208"]
[BlackElo "2304"]
[PlyCount "96"]
[EventDate "2019.09.06"]
[EventType "team-tourn"]
[EventRounds "9"]
[EventCountry "SLO"]
[SourceTitle "CBM 195 Extra"]
[Source "ChessBase"]
[SourceDate "2020.05.31"]
[SourceVersion "1"]
[SourceVersionDate "2020.05.31"]
[SourceQuality "1"]
[WhiteTeam "Ig"]
[BlackTeam "Slovenska Bistrica Impol"]
[WhiteTeamCountry "SLO"]
[BlackTeamCountry "SLO"]

1. e4 c5 2. b3 b6 3. Bb2 Bb7 4. Nc3 e6 5. Nf3 a6 6. d4 cxd4 7. Nxd4 Qc7 8. Qd2 Nf6 9. f3 Nc6 10. 0-0-0 Nxd4 11. Qxd4 Bc5 12. Qd3 0-0 13. Kb1 Be7 14. Qe3 Rac8 15. Bd3 d6 16. g4 Nd7 17. Ne2 Bf6 18. c3 Qc5 19. Nd4 b5 20. Rhg1 g6 21. g5 Bg7 22. Qd2 d5 23. exd5 Bxd5 24. f4 Rfd8 25. h4 Qb6 26. f5 e5 27. f6 Bf8 28. Nc2 Bf3 29. Rdf1 e4 30. Nd4 Ne5 31. Bc2 b4 32. cxb4 Bxb4 33. Qf4 Qa5 34. Ne6 fxe6 35. Qxe5 Kf7 36. h5 Qxe5 37. hxg6+ hxg6 38. Bxe5 Rh8 39. Bd1 Bc3 40. Bxf3 exf3 41. Bxc3 Rxc3 42. Rg3 Rh2 43. Rgxf3 Rcc2 44. Rd3 Rb2+ 45. Kc1 Rxa2 46. Kb1 Rab2+ 47. Ka1 Ra2+ 48. Kb1 Rhb2+ 1/2-1/2

[Event "SLO-chT"]
[Site "Slovenia"]
[Date "2016.11.11"]
[Round "4.1"]
[White "Riegler, Primoz"]
[Black "Justin, Matjaz"]
[Result "1/2-1/2"]
[WhiteElo "2281"]
[BlackElo "2281"]
[PlyCount "81"]
[EventDate "2016.10.14"]
[EventType "team-tourn"]
[EventRounds "9"]
[EventCountry "SLO"]
[SourceTitle "CBM 175 Extra"]
[Source "ChessBase"]
[SourceDate "2016.12.12"]
[SourceVersion "1"]
[SourceVersionDate "2016.12.12"]
[SourceQuality "1"]
[WhiteTeam "Impol Slovenska Bistrica"]
[BlackTeam "Vrhnika"]
[WhiteTeamCountry "SLO"]
[BlackTeamCountry "SLO"]

1. e4 c5 2. Nf3 e6 3. Nc3 a6 4. g3 b5 5. Bg2 Bb7 6. d3 d6 7. 0-0 Nf6 8. Ng5 h6 9. Nh3 Nc6 10. f4 Be7 11. Nf2 b4 12. Ne2 d5 13. e5 Nd7 14. c4 Nb6 15. b3 0-0 16. Be3 Qd7 17. Qc2 Rfc8 18. Rad1 d4 19. Bd2 a5 20. Ne4 a4 21. g4 Ra7 22. Be1 axb3 23. axb3 Rca8 24. Nc1 Qd8 25. Bg3 Nd7 26. Qe2 Ra1 27. h4 g6 28. h5 R8a6 29. hxg6 fxg6 30. Nd6 Ba8 31. Be4 Nf8 32. Qh2 Kg7 33. f5 Bg5 34. fxg6 Be3+ 35. Kh1 Ra7 36. Rf7+ Rxf7 37. gxf7 Qg5 38. Bh4 Qxe5 39. Bg3 Qg5 40. Bh4 Qe5 41. Bg3 1/2-1/2

[Event "SLO-chT 25th"]
[Site "Otocec"]
[Date "2015.11.29"]
[Round "9.10"]
[White "Kavcic, Zan"]
[Black "Riegler, Primoz"]
[Result "1/2-1/2"]
[WhiteElo "2324"]
[BlackElo "2279"]
[PlyCount "89"]
[EventDate "2015.10.16"]
[EventType "team-tourn"]
[EventRounds "9"]
[EventCountry "SLO"]
[SourceTitle "EXT 2020"]
[Source "ChessBase"]
[SourceDate "2019.10.17"]
[SourceVersion "1"]
[SourceVersionDate "2019.10.17"]
[SourceQuality "1"]
[WhiteTeam "Vrhnika"]
[BlackTeam "Impol Slovenska Bistrica"]
[WhiteTeamCountry "SLO"]
[BlackTeamCountry "SLO"]

1. e4 c5 2. Nf3 Nc6 3. Bb5 g6 4. Bxc6 dxc6 5. d3 Bg7 6. h3 b6 7. 0-0 e5 8. a3 Ne7 9. Be3 h6 10. Nbd2 Be6 11. b4 cxb4 12. axb4 f5 13. Nb3 0-0 14. Nh2 Qd6 15. Ra4 f4 16. Bc1 Bxb3 17. cxb3 Rfd8 18. Bb2 Qxd3 19. Qa1 Qxb3 20. Rxa7 Rxa7 21. Qxa7 Qxb2 22. Qxe7 Qd4 23. Rc1 Qd6 24. Qb7 Qxb4 25. Qxc6 Qd6 26. Qb7 Rd7 27. Qa6 Kh7 28. Nf3 Rc7 29. Rb1 Qc6 30. Qxb6 Qxe4 31. Re1 Rb7 32. Rxe4 Rxb6 33. Re1 Rd6 34. Nxe5 Bxe5 35. Rxe5 Rd1+ 36. Kh2 g5 37. Re6 Rd2 38. f3 h5 39. Kg1 h4 40. Kf1 Rc2 41. Re2 Rc1+ 42. Kf2 Kg6 43. Ra2 Rc3 44. Ke2 Re3+ 45. Kf2 1/2-1/2

[Event "SLO-chT1 West"]
[Site "Sentjur"]
[Date "2009.10.22"]
[Round "1"]
[White "Riegler, Primoz"]
[Black "Doric, Darko"]
[Result "1/2-1/2"]
[WhiteElo "2306"]
[BlackElo "2456"]
[PlyCount "62"]
[EventDate "2009.10.22"]
[EventType "team-tourn"]
[EventRounds "9"]
[EventCountry "SLO"]
[SourceTitle "EXT 2010"]
[Source "ChessBase"]
[SourceDate "2010.11.25"]
[SourceVersion "1"]
[SourceVersionDate "2010.11.25"]
[SourceQuality "1"]

1. e4 c6 2. d4 d5 3. e5 c5 4. dxc5 Nc6 5. Bf4 e6 6. Nf3 Bxc5 7. Bd3 Nge7 8. 0-0 Ng6 9. Bg3 0-0 10. Nbd2 f5 11. exf6 Qxf6 12. c4 Rd8 13. Qb3 Kh8 14. Rfe1 b6 15. a3 Bb7 16. cxd5 Nd4 17. Qa4 Bxd5 18. Nxd4 Qxd4 19. Qxd4 Bxd4 20. Nc4 Bxc4 21. Bxc4 e5 22. Ra2 Rac8 23. b3 Rf8 24. Kf1 Rc5 25. a4 Nf4 26. f3 g5 27. Re4 Rd8 28. Rd2 Rcc8 29. Be1 Kg7 30. g3 Ng6 31. Rd3 Kf6 1/2-1/2

[Event "SLO-chT1 East"]
[Site "Celje"]
[Date "2008.12.19"]
[Round "6"]
[White "Buzeti, Jernej"]
[Black "Riegler, Primoz"]
[Result "1/2-1/2"]
[WhiteElo "2199"]
[BlackElo "2306"]
[PlyCount "35"]
[EventDate "2008.11.20"]
[EventType "team-tourn"]
[EventRounds "9"]
[EventCountry "SLO"]
[SourceTitle "EXT 2010"]
[Source "ChessBase"]
[SourceDate "2010.11.25"]
[SourceVersion "1"]
[SourceVersionDate "2010.11.25"]
[SourceQuality "1"]

1. e4 c5 2. Nf3 Nc6 3. d4 cxd4 4. Nxd4 Nf6 5. Nc3 d6 6. Bg5 e6 7. Qd2 a6 8. 0-0-0 Bd7 9. f3 Be7 10. h4 Rc8 11. Nxc6 Rxc6 12. g4 Qa5 13. Kb1 h6 14. Be3 e5 15. Nd5 Qxd2 16. Rxd2 Nxd5 17. exd5 Rc8 18. Bd3 1/2-1/2

[Event "SLO-chT1 East"]
[Site "Celje"]
[Date "2008.12.12"]
[Round "2"]
[White "Riegler, Primoz"]
[Black "Rogulj, Branko"]
[Result "1/2-1/2"]
[WhiteElo "2306"]
[BlackElo "2406"]
[PlyCount "187"]
[EventDate "2008.11.20"]
[EventType "team-tourn"]
[EventRounds "9"]
[EventCountry "SLO"]
[SourceTitle "EXT 2010"]
[Source "ChessBase"]
[SourceDate "2010.11.25"]
[SourceVersion "1"]
[SourceVersionDate "2010.11.25"]
[SourceQuality "1"]

1. e4 Nc6 2. Nf3 Nf6 3. Nc3 e5 4. g3 Bc5 5. Bg2 d6 6. 0-0 a6 7. d3 h6 8. h3 0-0 9. Be3 Bxe3 10. fxe3 Ne7 11. Nh4 c6 12. Qe2 b5 13. a3 Be6 14. Kh2 a5 15. b3 Qd7 16. Rxf6 gxf6 17. Rf1 Kg7 18. Qf3 Ng8 19. g4 Rfc8 20. a4 Kf8 21. Rf2 Ke8 22. Bf1 bxa4 23. Nxa4 Qa7 24. Rd2 Rab8 25. Bg2 Rb4 26. Rf2 Rcb8 27. Qg3 Rxa4 28. bxa4 Qc5 29. Nf5 Bxf5 30. exf5 Rb4 31. c4 Rb3 32. Qf3 Ne7 33. Bf1 d5 34. cxd5 cxd5 35. Qg3 d4 36. e4 Kf8 37. h4 Qc1 38. Kg1 Nc6 39. Qh2 Rxd3 40. Rc2 Qe3+ 41. Qf2 Qxf2+ 42. Kxf2 Rc3 43. Rxc3 dxc3 44. Ke3 Nb4 45. Bc4 Ke7 46. Bb3 Kd6 47. Bxf7 c2 48. Kd2 Nd3 49. Kxc2 Nc5 50. Kc3 Nxe4+ 51. Kc4 Nd2+ 52. Kb5 e4 53. g5 fxg5 54. hxg5 hxg5 55. Bh5 Ke5 56. Bg4 Nb3 57. Kc4 Nd2+ 58. Kb5 Nf3 59. Kxa5 Nd4 60. Kb6 Kf4 61. Bd1 g4 62. Bxg4 Kxg4 63. a5 e3 64. a6 e2 65. a7 e1Q 66. a8Q Qb4+ 67. Kc7 Qe7+ 68. Kb6 Qd6+ 69. Kb7 Qd5+ 70. Kb8 Qd6+ 71. Kb7 Qc6+ 72. Kb8 Qd7 73. Qe4+ Kg5 74. Qe3+ Kf6 75. Qh6+ Ke5 76. Qh2+ Kd5 77. Qa2+ Kd6 78. Qh2+ Kc6 79. Qg2+ Kc5 80. Qf2 Qd5 81. Kc7 Qd6+ 82. Kb7 Qc6+ 83. Ka7 Qa4+ 84. Kb7 Qb4+ 85. Kc7 Qb6+ 86. Kd7 Qa7+ 87. Ke8 Kd6 88. Qf4+ Kd5 89. Kf8 Qh7 90. Qd2 Qxf5+ 91. Kg7 Qg4+ 92. Kf6 Qe6+ 93. Kg7 Qf5 94. Qa5+ 1/2-1/2

[Event "SLO-chT1 East"]
[Site "Celje"]
[Date "2007.11.09"]
[Round "2"]
[White "Riegler, Primoz"]
[Black "Crepan, Marjan"]
[Result "1/2-1/2"]
[WhiteElo "2310"]
[BlackElo "2323"]
[PlyCount "148"]
[EventDate "2007.11.11"]
[EventType "team-tourn"]
[EventRounds "9"]
[EventCountry "SLO"]
[SourceTitle "EXT 2010"]
[Source "ChessBase"]
[SourceDate "2010.11.25"]
[SourceVersion "1"]
[SourceVersionDate "2010.11.25"]
[SourceQuality "1"]

1. e4 e5 2. Nf3 Nc6 3. Nc3 Nf6 4. g3 Bc5 5. Bg2 d6 6. 0-0 a6 7. d3 h6 8. h3 Be6 9. Be3 Qd7 10. Kh2 0-0-0 11. d4 exd4 12. Nxd4 Ne5 13. a3 h5 14. b4 h4 15. g4 Bb6 16. Nf5 Bc4 17. Bxb6 Bxf1 18. Bxf1 cxb6 19. Ne3 Kb8 20. Be2 Rc8 21. Qd4 b5 22. Rb1 Rhe8 23. f3 Ng6 24. a4 Nf4 25. Bxb5 axb5 26. Nxb5 b6 27. Qxb6+ Ka8 28. Qa6+ Kb8 29. Qb6+ Ka8 30. Qa6+ Kb8 31. Qb6+ Qb7 32. Qxb7+ Kxb7 33. Nxd6+ Kb8 34. Nxc8 Rxc8 35. c4 Nd7 36. c5 Ne5 37. Nd5 Nxf3+ 38. Kh1 Ne6 39. Rf1 Nfg5 40. Kg2 f6 41. Re1 Nd4 42. Rc1 Nb3 43. Rc2 Nxe4 44. c6 f5 45. gxf5 Nd6 46. b5 Nd4 47. Rc3 Re8 48. Ne3 Ne2 49. Rb3 Nc1 50. Ra3 Ne2 51. Nd5 Nd4 52. Ne3 Re4 53. Rd3 Nf7 54. Ng4 Nxf5 55. b6 N7d6 56. a5 Re2+ 57. Nf2 Ra2 58. Kf3 Ra4 59. a6 Rxa6 60. Ne4 Rxb6 61. Nxd6 Ne7 62. Rc3 Nxc6 63. Nf5 g6 64. Nxh4 Nd4+ 65. Kf2 g5 66. Nf3 Ne6 67. Kg3 Rb4 68. Re3 Ng7 69. Re5 Nh5+ 70. Kf2 Rb2+ 71. Ke3 Rb3+ 72. Kf2 Nf4 73. Re8+ Kc7 74. Nxg5 Nxh3+ 1/2-1/2

[Event "SLO-chT1 East"]
[Site "Celje"]
[Date "2006.11.12"]
[Round "7"]
[White "Riegler, Primoz"]
[Black "Osmanbegovic, Suad"]
[Result "1/2-1/2"]
[WhiteElo "2301"]
[BlackElo "2291"]
[PlyCount "28"]
[EventDate "2006.11.04"]
[EventType "team"]
[EventRounds "9"]
[EventCountry "SLO"]
[SourceTitle "EXT 2008"]
[Source "ChessBase"]
[SourceDate "2007.11.25"]
[SourceVersion "1"]
[SourceVersionDate "2007.11.25"]
[SourceQuality "1"]

1. e4 d5 2. exd5 Qxd5 3. Nc3 Qa5 4. d4 Nf6 5. Nf3 Bf5 6. Bc4 e6 7. Bd2 c6 8. Nd5 Qd8 9. Nxf6+ gxf6 10. c3 Bd6 11. Qe2 Nd7 12. Nh4 Bg6 13. g3 Qe7 14. Nxg6 hxg6 1/2-1/2

[Event "SLO Cup"]
[Site "Gostovanja"]
[Date "2005.05.16"]
[Round "1"]
[White "Gostisa, Leon F"]
[Black "Riegler, Primoz"]
[Result "1-0"]
[WhiteElo "2415"]
[BlackElo "2296"]
[PlyCount "81"]
[EventDate "2005.05.16"]
[EventType "team"]
[EventRounds "4"]
[EventCountry "SLO"]
[SourceTitle "EXT 2009"]
[Source "ChessBase"]
[SourceDate "2008.11.26"]
[SourceVersion "1"]
[SourceVersionDate "2008.11.26"]
[SourceQuality "1"]
[WhiteTeam "Vrhnika"]
[BlackTeam "Poljcane Slovenec"]
[WhiteTeamCountry "SLO"]
[BlackTeamCountry "SLO"]

1. d4 Nf6 2. Nf3 g6 3. Bg5 Bg7 4. Nbd2 0-0 5. e3 d6 6. Be2 Nbd7 7. 0-0 h6 8. Bh4 e5 9. dxe5 dxe5 10. Ne4 Qe8 11. Nxf6+ Nxf6 12. c3 Bd7 13. Bg3 e4 14. Nd4 Rc8 15. Qb3 c5 16. Nb5 Bxb5 17. Qxb5 Qe7 18. a4 Rc6 19. Rfd1 Rfc8 20. Rd2 c4 21. a5 a6 22. Qa4 g5 23. Qa3 Qe6 24. Rad1 Kh7 25. Rd6 Rxd6 26. Rxd6 Qf5 27. Qa4 Rc5 28. h3 h5 29. Rb6 h4 30. Bd6 Rxa5 31. Qxc4 Ra1+ 32. Bf1 g4 33. Rxb7 gxh3 34. gxh3 Qxh3 35. Rxf7 Qg4+ 36. Kh2 Qf3 37. Rxf6 Bxf6 38. Bg2 Qxf2 39. Qf7+ Kh8 40. Bf4 Bg7 41. Kh3 1-0

[Event "SLO Cup final"]
[Site "Rogla"]
[Date "2002.06.08"]
[Round "3"]
[White "Riegler, Primoz"]
[Black "Gjuran, Denis"]
[Result "1-0"]
[WhiteElo "2303"]
[BlackElo "2172"]
[PlyCount "43"]
[EventDate "2002.06.07"]
[EventType "swiss"]
[EventRounds "5"]
[EventCountry "SLO"]
[SourceTitle "EXT 2008"]
[Source "ChessBase"]
[SourceDate "2007.11.25"]
[SourceVersion "1"]
[SourceVersionDate "2007.11.25"]
[SourceQuality "1"]

1. e4 c5 2. Nf3 e6 3. Nc3 a6 4. d4 cxd4 5. Nxd4 Qc7 6. Bd3 Nc6 7. Nb3 Nf6 8. f4 d6 9. Qe2 Be7 10. Bd2 0-0 11. g4 Re8 12. g5 Nd7 13. 0-0-0 b5 14. Kb1 Nb6 15. Rdg1 Bf8 16. e5 d5 17. Nd1 Nc4 18. Nf2 Nxd2+ 19. Qxd2 Nb4 20. Ng4 Nxd3 21. cxd3 d4 22. Nf6+ 1-0

[Event "SLO-chT 10th"]
[Site "Bled"]
[Date "2000.10.19"]
[Round "6"]
[White "Riegler, Primoz"]
[Black "Belamaric, Goran"]
[Result "1-0"]
[WhiteElo "2293"]
[BlackElo "2208"]
[PlyCount "69"]
[EventDate "2000.10.14"]
[EventType "team-tourn"]
[EventRounds "7"]
[EventCountry "SLO"]
[SourceTitle "EXT 2001"]
[Source "ChessBase"]
[SourceDate "2000.11.22"]
[SourceVersion "1"]
[SourceVersionDate "2000.11.22"]
[SourceQuality "1"]
[WhiteTeam "Maribor Kovinar Nova"]
[BlackTeam "Koper Zusterna"]
[WhiteTeamCountry "SLO"]
[BlackTeamCountry "SLO"]

1. e4 Nc6 2. Nf3 d6 3. d4 Nf6 4. Nc3 g6 5. Be3 Bg7 6. h3 a6 7. a4 0-0 8. a5 Nb4 9. d5 e6 10. Ra4 c5 11. dxc6 Nxc6 12. Bb6 Qe7 13. Be2 d5 14. exd5 Nxd5 15. Nxd5 exd5 16. c3 Re8 17. Be3 Bf5 18. 0-0 Rad8 19. Re1 Ne5 20. Nxe5 Bxe5 21. Bf1 g5 22. Ra1 Bc7 23. Qh5 Bg6 24. Qxg5 Qd6 25. g3 Re4 26. Bg2 f6 27. Qh6 Ree8 28. Bf4 Qc6 29. Rxe8+ Rxe8 30. Bxc7 Qxc7 31. Bxd5+ Kh8 32. h4 Qd6 33. Bxb7 Rb8 34. Bf3 Rxb2 35. Rd1 1-0

[Event "SLO-chT 10th"]
[Site "Bled"]
[Date "2000.10.15"]
[Round "2"]
[White "Riegler, Primoz"]
[Black "Soln, Primoz"]
[Result "1-0"]
[WhiteElo "2293"]
[BlackElo "2413"]
[PlyCount "78"]
[EventDate "2000.10.14"]
[EventType "team-tourn"]
[EventRounds "7"]
[EventCountry "SLO"]
[SourceTitle "EXT 2001"]
[Source "ChessBase"]
[SourceDate "2000.11.22"]
[SourceVersion "1"]
[SourceVersionDate "2000.11.22"]
[SourceQuality "1"]
[WhiteTeam "Maribor Kovinar Nova"]
[BlackTeam "Ljubljana LSK"]
[WhiteTeamCountry "SLO"]
[BlackTeamCountry "SVK"]

1. e4 e6 2. d4 d5 3. Nc3 Nf6 4. Bg5 Be7 5. e5 Nfd7 6. Bxe7 Qxe7 7. f4 0-0 8. Nf3 c5 9. Qd2 Nc6 10. dxc5 Qxc5 11. a3 a6 12. Bd3 f6 13. exf6 Nxf6 14. Qf2 Qd6 15. Qh4 e5 16. 0-0-0 h6 17. fxe5 Nxe5 18. Nxe5 Qxe5 19. Rhe1 Qd6 20. Nxd5 Nxd5 21. Bc4 Qf4+ 22. Qxf4 Rxf4 23. Bxd5+ Kf8 24. Rf1 Rf6 25. Rxf6+ gxf6 26. Bf3 Ke7 27. Rd4 Rb8 28. Rh4 b6 29. Rxh6 Be6 30. Rh7+ Kd6 31. Rb7 Rxb7 32. Bxb7 a5 33. Kd2 Ke5 34. b4 axb4 35. axb4 Kf4 36. Ke2 f5 37. Kd3 Ke5 38. h4 f4 39. h5 b5 1-0